000 00427nam a2200133Ia 4500
008 211122s9999||||xx |||||||||||||| ||und||
082 _a891.440 92
_bKRI-R
100 _aKrishna Kripalini,
245 0 _aRabindranath Tagore:A Biography
260 _bVisva-Bharati
_aCalcutta
_c2000
630 _xGeneral Stack
650 _aliterature
_vliterature and rhetoriceast indo-european and celtic literaturesGeneralia
942 _cBOOK
999 _c131987
_d131987